| 000 | 01288cam a22003614a 4500 | ||
|---|---|---|---|
| 001 | 13437310 | ||
| 003 | ARRUPE | ||
| 005 | 20130911174321.0 | ||
| 008 | 031218s2004 enk b 001 0 eng | ||
| 010 | _a 2003027569 | ||
| 015 | _aGBA4-Z4350 | ||
| 015 |
_aGBA4Z4351 _2bnb |
||
| 016 | 7 |
_a010980399 _2Uk |
|
| 016 | 7 |
_a010980400 _2Uk |
|
| 020 | _a0415304830 | ||
| 020 | _a0415304849 (pbk.) | ||
| 035 | _a(OCoLC)ocm53954186 | ||
| 040 |
_aDLC _cDLC _dYDX _dUKM _dBAKER _dDLC |
||
| 042 | _apcc | ||
| 050 | 0 | 0 |
_aBD232 _b.I8 2004 |
| 082 | 0 | 0 |
_a121/.8 _222 |
| 245 | 0 | 0 |
_aIs nothing sacred? / _cedited by Ben Rogers. |
| 260 |
_aLondon ; _aNew York : _bRoutledge, _c2004. |
||
| 300 |
_ax, 148 p. ; _c21 cm. |
||
| 650 | 0 |
_aValues. _975 |
|
| 700 | 1 |
_aRogers, Ben _q(Ben Mark) _976 |
|
| 856 | 4 | 1 |
_3Table of contents only _uhttp://www.loc.gov/catdir/toc/ecip0412/2003027569.html |
| 856 | 4 | 2 |
_3Publisher description _uhttp://www.loc.gov/catdir/enhancements/fy0650/2003027569-d.html |
| 856 | 4 | 2 |
_3Contributor biographical information _uhttp://www.loc.gov/catdir/enhancements/fy1102/2003027569-b.html |
| 906 |
_a7 _bcbc _corignew _d1 _eecip _f20 _gy-gencatlg |
||
| 942 |
_2lcc _cMONOGRAPH |
||
| 999 |
_c117765 _d117765 |
||